00894nac a22002171u 4500010001600000020001700016082001800033090001500051100003400066245006500100260004000165300003600205440004400241504005300285650002400338856008500362856007300447942002000520999001500540952012100555 a 87021359 a0070177627 :00a660.281bD733 c4497d4497 aDouglas, James M. 10aConceptual design of chemical processes /cJames M. Douglas. aNew York :bMcGraw-Hill,1988c1988. axviii, 601 p. :bill. ;c25 cm. 0aMcGraw-Hill chemical engineering series aIncludes bibliographical references and indexes. 0aChemical processes.423Publisher descriptionuhttp://www.loc.gov/catdir/description/mh022/87021359.html423Table of contentsuhttp://www.loc.gov/catdir/toc/mh021/87021359.html cBBk660.281D733 c4497d4497 00104070aMAINbMAINc1STd2007-09-09ePurchasel3m6o660.281 DOUp000000221r2025-07-15 00:00:00s2019-04-11yBB